000 00313nam a22001337a 4500
008 181012b xxu||||| |||| 00| 0 eng d
020 _a9780781718608
041 _aeng
080 _24th
_a610
100 _a4
101 _aSHM
245 _aStudying a Study and Testing a Test
_cRiegelman,R.K
942 _2udc
_cBK
999 _c49561
_d49561